LEADER 03234oas 2201249 a 450 001 9910154515603321 005 20260203110036.0 011 $a1464-5203 035 $a(DE-599)ZDB2016311-3 035 $a(OCoLC)49684847 035 $a(CONSER) 2002238400 035 $a(CKB)954925274462 035 $a(DE-599)2016311-3 035 $a(EXLCZ)99954925274462 100 $a20020429a19949999 sy a 101 0 $aeng 135 $aurcn||||||||| 181 $ctxt$2rdacontent 182 $cc$2rdamedia 183 $acr$2rdacarrier 200 10$aMolecular membrane biology 210 $a[London] $cTaylor and Francis Health Sciences 300 $aRefereed/Peer-reviewed 311 08$a0968-7688 531 1 $aMol. membr. biol. 606 $aMembranes (Biology)$vPeriodicals 606 $aBiochemistry$vPeriodicals 606 $aCell membranes 606 $aMembranes (Biology) 606 $aCell membranes$vPeriodicals 606 $aMolecular biology$vPeriodicals 606 $aCell Membrane 606 $aMembranes 606 $aMolecular Biology 606 $aMembranes (Biologie)$vPe?riodiques 606 $aMembranes cellulaires$vPe?riodiques 606 $aBiologie mole?culaire$vPe?riodiques 606 $aBiochimie$vPe?riodiques 606 $aMembranes cellulaires 606 $aMembranes (Biologie) 606 $aMolecular biology$2fast$3(OCoLC)fst01024734 606 $aCell membranes$2fast$3(OCoLC)fst00850194 606 $aBiochemistry$2fast$3(OCoLC)fst00831961 606 $aMembranes (Biology)$2fast$3(OCoLC)fst01015860 608 $aperiodicals.$2aat 608 $aPeriodicals.$2fast 608 $aPeriodicals.$2lcgft 608 $aPe?riodiques.$2rvmgf 615 0$aMembranes (Biology) 615 0$aBiochemistry 615 0$aCell membranes. 615 0$aMembranes (Biology) 615 0$aCell membranes 615 0$aMolecular biology 615 2$aCell Membrane. 615 2$aMembranes. 615 2$aMolecular Biology. 615 6$aMembranes (Biologie) 615 6$aMembranes cellulaires 615 6$aBiologie mole?culaire 615 6$aBiochimie 615 6$aMembranes cellulaires. 615 6$aMembranes (Biologie) 615 7$aMolecular biology. 615 7$aCell membranes. 615 7$aBiochemistry. 615 7$aMembranes (Biology) 801 0$bIUL 801 1$bIUL 801 2$bOCLCQ 801 2$bEEM 801 2$bLGG 801 2$bPFM 801 2$bOCLCQ 801 2$bUKMGB 801 2$bOCLCQ 801 2$bOCLCF 801 2$bOCLCO 801 2$bOCLCQ 801 2$bBUF 801 2$bDLC 801 2$bAU@ 801 2$bOCLCO 801 2$bWYU 801 2$bOCLCO 801 2$bOCLCA 801 2$bU3W 801 2$bOCLCO 801 2$bOCLCA 801 2$bOCLCQ 801 2$bIHT 801 2$bQGK 801 2$bOCLCO 801 2$bOCLCQ 801 2$bOCL 801 2$bUAB 801 2$bOCLCA 801 2$bORE 801 2$bCCO 801 2$bLIP 801 2$bXFH 801 2$bOCLCL 801 2$bOCLCQ 906 $aJOURNAL 912 $a9910154515603321 996 $aMolecular membrane biology$91960594 997 $aUNINA